000 00336nam a2200133Ia 4500
005 20251222144910.0
008 251222s9999||||xx |||||||||||||| ||spa||
020 _a978-980-293-536-9
082 _a352.208.5/B61
100 _aBlanco, Carlos
245 0 _aUn Programa para el Cambio:
264 _bRandom House Mondadori
942 _cLIB
999 _c22317
_d22317